01283nam a2200217 450000500170000000800410001704000440005804100080010208200150011010000340012524200340015924500390019326001640023230000360039650004910043250500580092350600210098154600230100265000180102565000220104320250206153235.0250206b1923 fr ||||fr|||| 00| f fre d aCO-BoUCMbspacSandra YazodSandra Yazo1 afre04220a843.521 aRodenbach, Georgesd1855-189803aEl campanerocJorge Rodenbach13aLe carillonneurcGeorges Rodenbach aParís (Francia)bBibliothèque Charpentier ; Eugène Fasquelle ; Impr. Darantiere [Biblioteca Charpentier ; Eugène Fasquelle ; Imprenta Darantiere]c1923 a325, [1] páginasc18 x 12 cm. aDetalles físicos: Sin encuadernación original, actualmente encuadernación rígida (holandesa): cartón forrado en papel con textura. Lomo en tela, con letras y líneas en dorado. Guardas. Hojas de cortesía. Anteportada. Portada impresa en una sola tinta. Texto impreso en una columna, con diferentes tipos y tamaños de letra. Cortes decorados con jaspeados de color rojo. Índice. Papel con oxidación en bordes, páginas 324 y 325 con papel desgado en esquina superior.0 aPartes I – III: El sueño ; El amor ; La acción. aConsulta en sala aTexto en francés 7aNovela belga  7aLiteratura belga